Normal view MARC view

Entry Personal Name

Number of records used in: 1

001 - CONTROL NUMBER

  • control field: 445

003 - CONTROL NUMBER IDENTIFIER

  • control field: csc

005 - DATE AND TIME OF LATEST TRANSACTION

  • control field: 20140507162050.0

008 - FIXED-LENGTH DATA ELEMENTS

  • fixed length control field: 110907|| aca||aabn | a|a d

040 ## - CATALOGING SOURCE

  • Original cataloging agency: csc

100 1# - HEADING--PERSONAL NAME

  • Personal name: Aoki, Devon
  • Dates associated with a name: 1982-

670 ## - SOURCE DATA FOUND

  • Source citation: Rosencrantz & Guildenstern are undead, 2010:
  • Information found: title frame (Devon Aoki)

670 ## - SOURCE DATA FOUND

  • Source citation: IMBD website, Nov 9, 2010:
  • Information found: (Devon Aoki, b. August 10, 1982; Born: Devon Edwenna Aoki)